Religion and gender in the developing world (Record no. 241477)
[ view plain ]
| 000 -LEADER | |
|---|---|
| fixed length control field | 01850nam a2200397 a 4500 |
| 082 04 - DEWEY DECIMAL CLASSIFICATION NUMBER | |
| Classification number | 305.409544 |
| 100 1# - MAIN ENTRY--AUTHOR NAME | |
| Personal name | Bradley, Tamsin. |
| 245 10 - TITLE STATEMENT | |
| Title | Religion and gender in the developing world |
| 260 ## - PUBLICATION, DISTRIBUTION, ETC. (IMPRINT) | |
| Place of publication | London ; |
| -- | New York : |
| Name of publisher | I.B. Tauris ; |
| Place of publication | New York : |
| Name of publisher | Distributed in the United States and Canada exclusively by Palgrave Macmillan, |
| Year of publication | 2011. |
| 300 ## - PHYSICAL DESCRIPTION | |
| Number of Pages | xiv, 274 p. |
| 490 1# - SERIES STATEMENT | |
| Series statement | Library of development studies ; |
| 505 0# - FORMATTED CONTENTS NOTE | |
| Formatted contents note | pt. 1. Mainstreaming religion and gender in development -- pt. 2. Faith-based organizations and dialogues in development -- pt. 3. Religion as a feminist resource. |
| 650 #0 - SUBJECT ADDED ENTRY--TOPICAL TERM | |
| Topical Term | Women in development |
| Topical Term | Non-governmental organizations |
| Topical Term | Women |
| Topical Term | Women and religion |
| 856 40 - ELECTRONIC LOCATION AND ACCESS | |
| Uniform Resource Identifier | http://site.ebrary.com/lib/rucke/Doc?id=10462201 |
No items available.
